Emojis nach Buchstabe - P - Statistiken

Allgemein
  • Dieses Quiz wurde 62 mal gespielt
  • Das Durchschnittsergebnis liegt bei 20 aus 34
Antwortstatistiken
Emojis beginnend mit P Lösung % Korrekt
🍄 Pilz
93%
🐴 Pferd
91%
🍕 Pizza
91%
🐩 Pudel
91%
🐼 Panda
89%
🍑 Pfirsich
89%
🍿 Popcorn
89%
🍟 Pommes
87%
🦜 Papagei
85%
🦚 Pfau
84%
♠️ Pik
84%
🧩 Puzzleteil
76%
🐧 Pinguin
73%
🇵🇹 Portugal
73%
⏸️ Pause
71%
🖌 Pinsel
65%
🫑 Paprika
64%
🇵🇪 Peru
64%
🥞 Pfannkuchen
64%
🇵🇭 Philippinen
58%
🐦‍🔥 Phönix
56%
📯 Posthorn
51%
🌶 Peperoni
49%
🇵🇦 Panama
47%
🇵🇷 Puerto Rico
45%
⛏️ Pickel
40%
🇵🇸 Palästina
31%
👩‍✈️ Pilotin
24%
🧫 Petrischale
16%
🪅 Piñata
13%
🤽‍♀️ Polo
13%
🛂 Passkontrolle
11%
👼 Putte
4%
🎍 Piniendekoration
0%
Keine übereinstimmenden Quizze gefunden
Verteilung der Resultate
Anzahl Personen mit jedem Resultat
Perzentil nach korrekt beantworteten Fragen
Ihre Resultats-Entwicklung
Sie haben dieses Quiz noch nicht gespielt